000 00298nam a22001337a 4500
008 171018b xxu||||| |||| 00| 0 eng d
020 _a9780324062694
041 _aeng
080 _22ND
_a338
100 _a53
101 _aMEN
245 _aCASES IN COST MANAGEMENT
_cSHANK,J,K
942 _2udc
_cBK
999 _c34690
_d34690